Statistics for Guess Flags In The Asia

Click here to take the quiz!

General Stats

  • This quiz has been taken 205 times
  • The average score is 33 of 44

Answer Stats

Answer% Correct
Turkey
96%
China
90%
India
90%
Japan
90%
South Korea
90%
Iran
85%
Israel
85%
Pakistan
85%
North Korea
83%
Saudi Arabia
83%
Vietnam
83%
Qatar
82%
Thailand
80%
Bangladesh
79%
Indonesia
79%
Iraq
79%
Nepal
79%
Lebanon
75%
Bhutan
74%
Kazakhstan
74%
Philippines
74%
Sri Lanka
74%
Singapore
73%
Malaysia
72%
Afghanistan
71%
Azerbaijan
71%
Cambodia
71%
Laos
71%
Yemen
71%
Jordan
70%
Syria
69%
Armenia
68%
Kyrgyzstan
68%
Taiwan
68%
UAE
67%
Mongolia
65%
Oman
65%
Turkmenistan
64%
Uzbekistan
64%
Myanmar
63%
Kuwait
61%
Maldives
60%
East Timor
54%
Tajikistan
48%

Score Distribution

Percentile by Number Answered

Percent of People with Each Score

Your Score History

You have not taken this quiz